Espanjaa puhuvat valtiot - Statistics

Yleistilastot
  • Tätä visaa on pelattu 2 608 kertaa
  • Keskiarvotulos 16 / 22
Vastaustilastot
Valtio % Oikein
Espanja
99%
Argentiina
88%
Meksiko
87%
Chile
85%
Kolumbia
83%
Peru
81%
Venezuela
80%
Uruguay
79%
Paraguay
78%
Bolivia
76%
Ecuador
76%
Kuuba
73%
Panama
73%
Honduras
71%
Costa Rica
70%
El Salvador
68%
Nicaragua
67%
Guatemala
66%
Belize
59%
Dominikaaninen tasavalta
59%
Andorra
54%
Päiväntasaajan Guinea
18%
Ehtoja vastaavia visoja ei löytynyt
Tulosjakauma
Jokaisen tuloksen saaneiden osuus
Persentiili vastausten määrän mukaan
Tuloshistoriasi
Et ole pelannut tätä visaa